000 01183cam a2200361 4500
999 _c23448
_d23448
001 vtls012005899
005 20221011074129.0
008 220509s2020 xo er 010 f slo
020 _a9788055175317
_q(viazané)
035 _aurn:nbn:sk:snk-am00gkxj
035 _aurn:nbn:sk:snk-am3j76w
035 _a13CBD56F-5B59-434E-B97D-2B615B75C801
040 _aTVZK
_bslo
_erda
_csk
041 0 _aslo
044 _axo
_cSK
072 7 _a821.162.4-3
_xSlovenská próza
_2konspekt
080 _a821.162.4-31
_22011
080 _a(0:82-312.5)
_22011
100 1 _aKeleová-Vasilková, Táňa,
_d1964-
_4aut
_92015
245 1 0 _aManželky po rokoch
_cTáňa Keleová-Vasilková
250 _aPrvé vydanie
264 1 _aBratislava
_bIkar
_c2020
300 _a345 strán
_c21 cm
336 _atext
_btxt
_2rdacontent
337 _abez média
_bn
_2rdamedia
338 _azväzok
_bnc
_2rdacarrier
500 _aObsahuje biografické údaje o autorke na záložke prebalu publikácie
655 7 _aslovenské romány
_2SNKPH
_91694
655 7 _aľúbostné romány
_2SNKPH
_913
655 7 _aSlovak fiction
_2SNKPHeng
_91695
655 7 _aLove novels
_2SNKPHeng
_91667
958 _aLX